Diseño de un sensor de fuerza/torque para la base móvil de un robot humanoide
Na minha lista:
| Autor principal: | |
|---|---|
| Formato: | Livro |
| Idioma: | Spanish |
| Publicado em: |
[San José , Costa Rica]
2018
|
| Assuntos: | |
| Tags: |
Adicionar Tag
Sem tags, seja o primeiro a adicionar uma tag!
|
MARC
| LEADER | 00000nam a22000007a 4500 | ||
|---|---|---|---|
| 003 | 012880 | ||
| 005 | 20221231144322.0 | ||
| 008 | 180611b2018 c a|||| m||| 00| ||spa d | ||
| 040 | |c cru CEDI | ||
| 090 | |a TFG 8031 | ||
| 100 | |9 12415 |a Ortuño Lizano, Daniel | ||
| 245 | |a Diseño de un sensor de fuerza/torque para la base móvil de un robot humanoide | ||
| 260 | |a [San José , Costa Rica] |c 2018 | ||
| 300 | |a xi, 123[6] hojas algunas plegables: ilustraciones a color | ||
| 500 | |a Proyecto de graduación (licenciatura en ingeniería mecánica)--Universidad de Costa Rica. Facultad de Ingeniería. Escuela de Ingeniería Mecánica | ||
| 650 | |x PERNOS Y TUERCAS |x SENSORES |x ROBOTS AUTONOMOS - DISEÑO Y CONSTRUCCION |9 12416 | ||
| 942 | |c TFG | ||
| 999 | |c 20089 |d 20089 | ||
